<?xml version="1.0" encoding="UTF-8"?><?xml-stylesheet type="text/xsl" href="static/style.xsl"?><OAI-PMH xmlns="http://www.openarchives.org/OAI/2.0/" xmlns:xsi="http://www.w3.org/2001/XMLSchema-instance" xsi:schemaLocation="http://www.openarchives.org/OAI/2.0/ http://www.openarchives.org/OAI/2.0/OAI-PMH.xsd"><responseDate>2026-06-04T04:41:55Z</responseDate><request verb="GetRecord" identifier="oai:riuma.uma.es:10630/36398" metadataPrefix="marc">https://riuma.uma.es/rest/oai/request</request><GetRecord><record><header><identifier>oai:riuma.uma.es:10630/36398</identifier><datestamp>2026-02-03T10:54:27Z</datestamp><setSpec>com_10630_2254</setSpec><setSpec>col_10630_37953</setSpec></header><metadata><record xmlns="http://www.loc.gov/MARC21/slim" xmlns:dcterms="http://purl.org/dc/terms/" xmlns:doc="http://www.lyncode.com/xoai" xmlns:xsi="http://www.w3.org/2001/XMLSchema-instance" xsi:schemaLocation="http://www.loc.gov/MARC21/slim http://www.loc.gov/standards/marcxml/schema/MARC21slim.xsd">
   <leader>00925njm 22002777a 4500</leader>
   <datafield ind2=" " ind1=" " tag="042">
      <subfield code="a">dc</subfield>
   </datafield>
   <datafield ind2=" " ind1=" " tag="720">
      <subfield code="a">Cantos-Ceballos, Antonio</subfield>
      <subfield code="e">author</subfield>
   </datafield>
   <datafield ind2=" " ind1=" " tag="260">
      <subfield code="c">2013-11</subfield>
   </datafield>
   <datafield ind2=" " ind1=" " tag="520">
      <subfield code="a">De  acuerdo  con  los  últimos  descubrimientos  en  el  campo  de  las  neurociencias  en  los  que  los  canales  del verdadero conocimiento humano se centran en el trazado de vías neuronales y sinapsis, buscamos la estimulación del cerebro emocional de nuestros alumnos (seeking) mediante el desarrollo de actividades integradoras, en las que emoción y razón interaccionan, consiguiendo que conviertan en objeto de deseo aquello que se pretende que sea objeto de conocimiento. Para ello, optamos por un sistema de intervención docente autopoiético que implica trabajar con componentes didácticos fundamentales, tales como: estilo de enseñanza democrático, estrategia didáctica participativa, complementariedad de los métodos de  la  inducción  y  deducción  o  el  uso  de  técnicas  grupales  participativas  lo  que  facilita  y  fomenta  en  el alumnado su capacidad para investigar, organizar, elaborar y exponer la información de la materia. Concebimos las tutorías como un espacio abierto de intercambio de conocimiento, en el que se activa el componente de aprendizaje emocional del alumno porque lo obliga a la construcción de su conocimiento contribuyendo a su madurez intelectual. Además, a lo largo de todo el proceso descrito, trabajamos la competencia digital de nuestros alumnos fomentando las siguientes capacidades: e-conciencia, alfabetismo tecnológico, alfabetismo digital y alfabetismo mediático.</subfield>
   </datafield>
   <datafield ind1="8" ind2=" " tag="024">
      <subfield code="a">Cantos Ceballos A. (2014). El uso de la comunicación persuasivo-seductora en el proceso de adaptación al plan Bolonia: fundamentos metodológico-emocionales para la asignatura Historia de los medios audiovisuales. Historia y Comunicación Social, 18, 827-837. https://doi.org/10.5209/rev_HICS.2013.v18.44287</subfield>
   </datafield>
   <datafield ind1="8" ind2=" " tag="024">
      <subfield code="a">https://hdl.handle.net/10630/36398</subfield>
   </datafield>
   <datafield ind1="8" ind2=" " tag="024">
      <subfield code="a">10.5209/rev_HICS.2013.v18.44287</subfield>
   </datafield>
   <datafield tag="653" ind2=" " ind1=" ">
      <subfield code="a">Aprendizaje perceptivo</subfield>
   </datafield>
   <datafield tag="653" ind2=" " ind1=" ">
      <subfield code="a">Aprendizaje por experiencia</subfield>
   </datafield>
   <datafield ind2="0" ind1="0" tag="245">
      <subfield code="a">El uso de la comunicación persuasivo-seductora en el proceso de adaptación al plan Bolonia: fundamentos metodológico-emocionales para la asignatura Historia de los medios audiovisuales.</subfield>
   </datafield>
</record>
</metadata></record></GetRecord></OAI-PMH>